000 00512nam a2200169Ia 4500
999 _c6742
_d6742
003 OSt
005 20200116112113.0
008 190216s9999||||xx |||||||||||||| ||und||
020 _a8127221619
040 _coclc
082 _a658.15
_bGUP/F
100 _a Gupta, Shashi K
_91007
245 0 _aFinancial Management /
_cShashi K Gupta ; Neeti Gupta
260 _bKalyani Publications,
_aNew Delhi:
_c2005.
650 _xFinancial Management
942 _cBK
_2ddc
_h658.15
_iGUP/F
_k658.15
_mGUP/F